中日ドラゴンズ応援歌2005 - Statistics

General Stats
  • This quiz has been taken 26 times
  • The average score is 12 of 19
Answer Stats
Hint Answer % Correct
すわこそゆけの命に 気迫のフルスイング凱歌が上がるスタンド バックスクリーンへ 福留孝介
95%
走れ大地を蹴り 突き進むスピード夢掴む一打を (選手名)決めろ 荒木雅博
95%
燃える決意は 渾身の力を込め運べスタンドへ 待ってるぞ(選手名) 立浪和義
95%
光の速さで突っ走れ ドラマティックにダイヤモンドを駆け抜け 魅せろよ(選手名) 井端弘和
95%
ゲームを創れ 煌めくナイスリードで今日も期待してます (選手名)(選手名)ファイトだ 谷繁元信
91%
歓声を背にして みんなの歌に乗ってここでホームラン 蹴散らせ(選手名) タイロン・ウッズ
86%
全てを賭けてレッツゴー 行くぜ時代のヒーロー夢に描いた一打を (選手名)放てよ 森野将彦
82%
願いを込めて 大きく踏み出して光れ(選手名) 勇者であれ 森章剛
82%
高く遠くまで飛ばせ みんなの希望を乗せて桜吹雪の道を行く (選手名)(選手名)それ(選手名) 井上一樹
77%
勇ましく逞しく 拍手に乗せてホームラン打ってもらうぜ今日もまた 進め(選手名) アレックス・オチョア
68%
強い風に立ち向かえ 永遠の伝説となれ熱く走れ(選手名) そのスピードで 英智
68%
鋭い一振り グランドに嵐呼べ誰にも負けない闘志 この一番で 渡邉博幸
64%
それここは任せた つなぎの野球に徹して一つ一つ積み重ねて (選手名)ヒットマン 川相昌弘
59%
打つぞホームラン (選手名)かっ飛ばせここでホームラン ぶち込めスタンドへ 高橋光信
45%
未来へとはやる心が 熱いフィールド創り出す光るリード沸かす闘志 魅せろ(選手名) 柳沢裕一
36%
未来に向けて駆けろ 地上の星だ君こそ 照らせ強くどこまでも 頼むぞ(選手名) 森岡良介
32%
男の意地だ狙え 見せろ快打をお前が決めて見せろ 闘志を燃やせ  大西崇之
32%
風が抜ける夢の日々を 何度でも輝いて打つぞ(選手名)恰好良く チャンスを広げよ 櫻井好実
23%
気合を込めた一撃 僕らの想いを乗っけて今だ(選手名) 熱くなれ 田上秀則
9%
No matching quizzes found
Score Distribution
Percent of People with Each Score
Percentile by Number Answered
Your Score History
You have not taken this quiz